000 00569nam a2200217Ia 4500
005 20250508164041.0
008 008 250505s9999 xx 000 0 hin d
020 _a81-7263-545-1
037 _aTextual
040 _aFEDL
_beng
_cFEDL
041 _ahin
_2eng
084 _a371.4, IGN
_qFEDL
245 0 _aAdhigum ke liye margdershan ES-103
245 0 _cIGNOU
260 _aNew Delhi, India
_bIGNOU
_c1994
300 _a79p
365 _aINR
_b1650
650 _aEducational Guidance
942 _cTEXL
_h371.4, IGN
999 _c1386782
_d1386782